000 00344 a2200157 4500
001 154925
040 _cEscola São Tomás de Aquino
100 _aGARAVELLO, Tito Marcio
240 1 0 _aGeografia
_lpor
245 1 0 _aGeografia
300 _a248
362 0 _a2010
440 1 _aScipione
697 _aGEOGRAFIA GERAL / VIAGENS
942 _cBK
999 _c154925
_d154925